| 000 | 01139nam a22003377a 4500 | ||
|---|---|---|---|
| 003 | CHAP | ||
| 005 | 20220329141454.0 | ||
| 008 | 971013s1989 r 00010 d | ||
| 010 | _a68717 | ||
| 011 | _a69689 | ||
| 035 | _a79166 | ||
| 040 | _cCHAP | ||
| 090 | _aTesis | ||
| 100 | 0 | 0 |
_aJiménez Merino, Juan Nabor. _961594 |
| 245 | _aAspectos generales sobre la germinación de semillas de chile manzano (Capsicum pubescens, R. & P.) | ||
| 260 |
_aChapingo, Méx. : _bEl autor, _c1989 |
||
| 300 |
_a71 h. _b: ilus. |
||
| 500 | _a31-110 | ||
| 502 | _aTesis (Ing. Agrónomo Esp. en Fitotecnia) -- UACH. Departamento de Fitotecnia | ||
| 590 |
_aALEPH _b10 _c20130110 _lUCH01 _h1405 |
||
| 590 |
_aBATCH-UPD _b10 _c20130110 _lUCH01 _h1433 |
||
| 590 |
_aBATCH-UPD _b10 _c20130410 _lUCH01 _h0909 |
||
| 590 |
_aBATCH-UPD _b10 _c20130914 _lUCH01 _h0924 |
||
| 590 |
_aCONVERSION _b10 _c20130109 _lUCH01 _h1338 |
||
| 650 | 1 | 4 |
_aChile manzano. _922444 |
| 650 | 1 | 4 |
_aSemillas _xGerminación. _9103903 |
| 901 | _aBK | ||
| 942 | _cFOLL | ||
| 949 |
_bBC _cTES _d-32048 _eTS1 _h21480 _i79166 _si |
||
| 949 |
_bBC _cTES _d33724000895439 _eTS2 _fc.2 _h21481 _i79166 _si |
||
| 999 |
_c68717 _d68717 |
||